[Event "Mitropa Online Cup Women 2021"]
[Site "Hybrid"]
[Date "2021.05.04"]
[Round "5.2"]
[White "Gueci, Tea"]
[Black "Vujnovic, Patricija"]
[Result "1/2-1/2"]
[WhiteElo "2204"]
[BlackElo "2129"]
[Annotator "NA"]
[PlyCount "119"]
[EventDate "2021.05.04"]
[EventType "team-tourn"]
[EventCountry "NET"]
[SourceTitle "playchess.com"]
[Source "ChessBase"]
[SourceQuality "1"]
[WhiteTeam "Italy"]
[BlackTeam "Croatia"]
[WhiteTeamCountry "ITA"]
[BlackTeamCountry "CRO"]
[TimeControl "40/5400+30:1800+30"]

1. e4 {[%emt 0:00:00]} c6 {[%emt 0:00:07]} 2. d4 {[%emt 0:00:03]} d5 {[%emt 0:00:05]} 3. e5 {[%emt 0:00:01]} Bf5 {[%emt 0:00:08]} 4. Nd2 {[%emt 0:00:02]} e6 {[%emt 0:00:20]} 5. Nb3 {[%emt 0:00:05]} Nd7 {[%emt 0:02:08]} 6. Nf3 {[%emt 0:00:10]} a6 {[%emt 0:00:48]} 7. Be3 {[%emt 0:00:51]} Rc8 {[%emt 0:01:39]} 8. c3 {[%emt 0:02:03]} Bg4 {[%emt 0:03:06]} 9. Be2 {[%emt 0:02:21]} c5 {[%emt 0:01:58]} 10. Nxc5 {[%emt 0:03:51]} Nxc5 {[%emt 0:02:21]} 11. dxc5 {[%emt 0:00:05]} Bxf3 {[%emt 0:00:23]} 12. Bxf3 {[%emt 0:03:21]} Bxc5 {[%emt 0:00:37]} 13. Bxc5 {[%emt 0:13:31]} Rxc5 {[%emt 0:00:56]} 14. O-O {[%emt 0:05:11]} Ne7 {[%emt 0:00:31]} 15. Re1 {[%emt 0:04:38]} O-O {[%emt 0:01:31]} 16. Qe2 {[%emt 0:06:03]} Qc7 {[%emt 0:02:56]} 17. Rad1 {[%emt 0:04:39]} Rc4 {[%emt 0:02:57]} 18. g3 {[%emt 0:06:48]} Rc8 {[%emt 0:03:09]} 19. Bg2 {[%emt 0:04:13]} b5 {[%emt 0:18:50]} 20. a3 {[%emt 0:03:50]} Nf5 {[%emt 0:13:38]} 21. Qd3 {[%emt 0:09:03]} g6 {[%emt 0:12:07]} 22. Bh3 {[%emt 0:04:19]} Ne7 {[%emt 0:03:28]} 23. Bf1 {[%emt 0:05:10]} Nc6 {[%emt 0:09:10]} 24. f4 {[%emt 0:03:12]} Na5 {[%emt 0:05:03]} 25. Qf3 {[%emt 0:02:00]} Rc6 {[%emt 0:01:19]} 26. Kh1 {[%emt 0:02:19]} Nb3 {[%emt 0:04:14]} 27. g4 {[%emt 0:02:48]} Nc5 {[%emt 0:01:20]} 28. Qg2 {[%emt 0:01:09]} Qb6 {[%emt 0:04:38]} 29. Rd4 {[%emt 0:02:17]} a5 {[%emt 0:04:01]} 30. f5 {[%emt 0:06:31]} Nb3 {[%emt 0:00:10]} 31. Rd3 {[%emt 0:02:50]} exf5 {[%emt 0:00:08]} 32. gxf5 {[%emt 0:00:20]} d4 {[%emt 0:00:56]} 33. e6 {[%emt 0:00:57]} R6c7 {[%emt 0:00:38]} 34. Qd5 {[%emt 0:01:23]} a4 {[%emt 0:00:58]} 35. f6 {[%emt 0:00:48]} Nc5 {[%emt 0:00:33]} 36. exf7+ {[%emt 0:00:26]} Rxf7 {[%emt 0:00:02]} 37. Rxd4 {[%emt 0:00:07]} Qxf6 {[%emt 0:00:16]} 38. Bg2 {[%emt 0:00:11]} Nb3 {[%emt 0:01:12]} 39. Rf1 {[%emt 0:01:16]} Qxf1+ {[%emt 0:00:32]} 40. Bxf1 {[%emt 0:00:00]} Nxd4 {[%emt 0:00:00]} 41. Bxb5 {[%emt 0:09:23]} Nxb5 {[%emt 0:03:14]} 42. Qxb5 {[%emt 0:00:13]} Rd8 {[%emt 0:00:49]} 43. Qe2 {[%emt 0:07:20]} Rb8 {[%emt 0:02:46]} 44. Kg2 {[%emt 0:04:17]} Rfb7 {[%emt 0:00:30]} 45. Qc4+ {[%emt 0:01:13]} Kg7 {[%emt 0:00:05]} 46. Qd4+ {[%emt 0:00:56]} Kh6 {[%emt 0:00:39]} 47. Qh4+ {[%emt 0:00:40]} Kg7 {[%emt 0:00:04]} 48. Qxa4 {[%emt 0:01:17]} Rxb2+ {[%emt 0:00:06]} 49. Kg3 {[%emt 0:00:08]} h5 {[%emt 0:01:16]} 50. Qd4+ {[%emt 0:00:45]} Kh6 {[%emt 0:00:12]} 51. a4 {[%emt 0:02:05]} R2b3 {[%emt 0:04:05]} 52. a5 {[%emt 0:04:27]} Rf8 {[%emt 0:04:30]} 53. Qd2+ {[%emt 0:01:58]} Kg7 {[%emt 0:00:28]} 54. Qd4+ {[%emt 0:00:12]} Kh6 {[%emt 0:00:17]} 55. a6 {[%emt 0:02:01]} Rbb8 {[%emt 0:00:10]} 56. Qe3+ {[%emt 0:00:47]} Kg7 {[%emt 0:00:24]} 57. Qe7+ {[%emt 0:00:13]} Kh6 {[%emt 0:00:31]} 58. Qe3+ {[%emt 0:00:11]} Kg7 {[%emt 0:00:09]} 59. Qe7+ {[%emt 0:00:03]} Kh6 {[%emt 0:00:08]} 60. Qe3+ {[%emt 0:00:23]} 1/2-1/2

[Event "Mitropa Online Cup Women 2021"]
[Site "Hybrid"]
[Date "2021.05.04"]
[Round "5.2"]
[White "Medic, Mirjana"]
[Black "Sedina, Elena"]
[Result "1/2-1/2"]
[WhiteElo "2147"]
[BlackElo "2291"]
[Annotator "NA"]
[PlyCount "137"]
[EventDate "2021.05.04"]
[EventType "team-tourn"]
[EventCountry "NET"]
[SourceTitle "playchess.com"]
[Source "ChessBase"]
[SourceQuality "1"]
[WhiteTeam "Croatia"]
[BlackTeam "Italy"]
[WhiteTeamCountry "CRO"]
[BlackTeamCountry "ITA"]
[TimeControl "40/5400+30:1800+30"]

1. d4 {[%emt 0:00:40]} d5 {[%emt 0:03:41]} 2. c4 {[%emt 0:00:09]} c6 {[%emt 0:00:21]} 3. Nf3 {[%emt 0:00:12]} Nf6 {[%emt 0:00:07]} 4. Nc3 {[%emt 0:00:10]} dxc4 {[%emt 0:00:50]} 5. a4 {[%emt 0:00:09]} a5 {[%emt 0:02:48]} 6. e4 {[%emt 0:02:07]} Bg4 {[%emt 0:00:13]} 7. Bxc4 {[%emt 0:01:07]} e6 {[%emt 0:00:12]} 8. Be3 {[%emt 0:04:11]} Bb4 {[%emt 0:01:09]} 9. Qc2 {[%emt 0:06:44]} Nbd7 {[%emt 0:03:13]} 10. Nd2 {[%emt 0:14:54]} Bh5 {[%emt 0:03:18]} 11. f3 {[%emt 0:04:25]} Bg6 {[%emt 0:06:20]} 12. O-O {[%emt 0:03:27]} O-O {[%emt 0:00:50]} 13. Nb3 {[%emt 0:03:13]} Nd5 {[%emt 0:19:10]} 14. Bf2 {[%emt 0:09:38]} N7b6 {[%emt 0:04:25]} 15. Nxd5 {[%emt 0:04:46]} cxd5 {[%emt 0:13:32]} 16. Bd3 {[%emt 0:02:05]} Rc8 {[%emt 0:09:16]} 17. Qe2 {[%emt 0:00:24]} Qe7 {[%emt 0:09:28]} 18. Bb5 {[%emt 0:02:47]} f6 {[%emt 0:11:54]} 19. Rfc1 {[%emt 0:10:47]} Rfd8 {[%emt 0:06:22]} 20. Nc5 {[%emt 0:09:51]} dxe4 {[%emt 0:00:45]} 21. Nxe4 {[%emt 0:03:02]} Nd5 {[%emt 0:00:12]} 22. Bg3 {[%emt 0:01:07]} Be8 {[%emt 0:01:50]} 23. Bxe8 {[%emt 0:09:38]} Rxe8 {[%emt 0:00:06]} 24. Qb5 {[%emt 0:00:58]} b6 {[%emt 0:01:06]} 25. Rc6 {[%emt 0:00:57]} Qd7 {[%emt 0:00:42]} 26. Rac1 {[%emt 0:02:18]} Ne7 {[%emt 0:00:21]} 27. Rxc8 {[%emt 0:00:21]} Qxb5 {[%emt 0:00:03]} 28. axb5 {[%emt 0:00:22]} Rxc8 {[%emt 0:00:01]} 29. Rxc8+ {[%emt 0:01:55]} Nxc8 {[%emt 0:00:20]} 30. Kf2 {[%emt 0:01:06]} Kf7 {[%emt 0:01:15]} 31. Ke2 {[%emt 0:00:51]} Na7 {[%emt 0:00:55]} 32. Bc7 {[%emt 0:00:41]} Nxb5 {[%emt 0:00:19]} 33. Bxb6 {[%emt 0:00:07]} a4 {[%emt 0:00:38]} 34. Kd3 {[%emt 0:00:22]} a3 {[%emt 0:00:22]} 35. bxa3 {[%emt 0:00:05]} Bxa3 {[%emt 0:00:28]} 36. Bc5 {[%emt 0:00:28]} Bc1 {[%emt 0:00:06]} 37. Bb6 {[%emt 0:01:39]} f5 {[%emt 0:00:25]} 38. Nc5 {[%emt 0:00:22]} Ke7 {[%emt 0:00:20]} 39. Nb3 {[%emt 0:00:31]} Bf4 {[%emt 0:00:10]} 40. h3 {[%emt 0:00:00]} Kd6 {[%emt 0:00:00]} 41. Bd8 {[%emt 0:02:34]} Kd5 {[%emt 0:01:56]} 42. Be7 {[%emt 0:04:47]} Bg3 {[%emt 0:12:23]} 43. Bf8 {[%emt 0:01:39]} g6 {[%emt 0:00:05]} 44. Bg7 {[%emt 0:00:18]} Bf2 {[%emt 0:00:26]} 45. Be5 {[%emt 0:00:57]} Bg1 {[%emt 0:09:13]} 46. Bf6 {[%emt 0:00:41]} Bf2 {[%emt 0:00:02]} 47. Be5 {[%emt 0:00:34]} Na7 {[%emt 0:02:21]} 48. Ke2 {[%emt 0:01:29]} Bg1 {[%emt 0:00:14]} 49. Kf1 {[%emt 0:00:35]} Be3 {[%emt 0:00:05]} 50. Ke2 {[%emt 0:00:07]} Bg1 {[%emt 0:01:35]} 51. Kf1 {[%emt 0:00:12]} Be3 {[%emt 0:00:36]} 52. Ke2 {[%emt 0:00:08]} Bg5 {[%emt 0:00:44]} 53. Kd3 {[%emt 0:00:48]} Nc6 {[%emt 0:00:05]} 54. Bg7 {[%emt 0:00:56]} Nb4+ {[%emt 0:01:45]} 55. Kc3 {[%emt 0:00:24]} Nc6 {[%emt 0:01:05]} 56. Kd3 {[%emt 0:00:34]} Bh4 {[%emt 0:00:56]} 57. Ke3 {[%emt 0:02:00]} Nb4 {[%emt 0:01:09]} 58. Kd2 {[%emt 0:03:26]} Bf2 {[%emt 0:02:29]} 59. Ke2 {[%emt 0:00:15]} Bg1 {[%emt 0:00:07]} 60. Kd2 {[%emt 0:00:46]} Nc6 {[%emt 0:01:04]} 61. Kd3 {[%emt 0:00:10]} Bf2 {[%emt 0:00:08]} 62. Bf6 {[%emt 0:00:16]} Nb4+ {[%emt 0:01:25]} 63. Ke2 {[%emt 0:00:17]} Bg1 {[%emt 0:00:19]} 64. Kd2 {[%emt 0:00:13]} Nc6 {[%emt 0:02:00]} 65. Kd3 {[%emt 0:00:10]} Nb4+ {[%emt 0:00:02]} 66. Kd2 {[%emt 0:00:12]} Nc6 {[%emt 0:01:29]} 67. Kd3 {[%emt 0:00:07]} Bf2 {[%emt 0:00:12]} 68. Bg7 {[%emt 0:00:30]} Bg1 {[%emt 0:00:33]} 69. Bf6 {[%emt 0:00:07]} 1/2-1/2

[Event "Mitropa Online Cup Women 2021"]
[Site "Hybrid"]
[Date "2021.05.04"]
[Round "5.2"]
[White "Radikovic, Anamarija"]
[Black "Raccanello, Marianna"]
[Result "1-0"]
[WhiteElo "2006"]
[BlackElo "2140"]
[Annotator "NA"]
[PlyCount "65"]
[EventDate "2021.05.04"]
[EventType "team-tourn"]
[EventCountry "NET"]
[SourceTitle "playchess.com"]
[Source "ChessBase"]
[SourceQuality "1"]
[WhiteTeam "Croatia"]
[BlackTeam "Italy"]
[WhiteTeamCountry "CRO"]
[BlackTeamCountry "ITA"]
[TimeControl "40/5400+30:1800+30"]

1. e4 {[%emt 0:00:00]} c5 {[%emt 0:00:10]} 2. Nc3 {[%emt 0:00:04]} Nc6 {[%emt 0:00:14]} 3. f4 {[%emt 0:00:02]} g6 {[%emt 0:01:04]} 4. Nf3 {[%emt 0:00:21]} Bg7 {[%emt 0:00:08]} 5. Bb5 {[%emt 0:00:03]} Nd4 {[%emt 0:02:54]} 6. O-O {[%emt 0:00:05]} a6 {[%emt 0:00:53]} 7. Bd3 {[%emt 0:00:08]} e6 {[%emt 0:05:54]} 8. e5 {[%emt 0:03:48]} Nxf3+ {[%emt 0:07:09]} 9. Qxf3 {[%emt 0:00:06]} d5 {[%emt 0:00:07]} 10. exd6 {[%emt 0:07:20]} Qxd6 {[%emt 0:00:10]} 11. Ne4 {[%emt 0:02:09]} Qc7 {[%emt 0:00:35]} 12. Rb1 {[%emt 0:02:25]} Ne7 {[%emt 0:04:00]} 13. b4 {[%emt 0:07:00]} c4 {[%emt 0:19:57]} 14. Bxc4 {[%emt 0:01:09]} Nf5 {[%emt 0:03:05]} 15. Bd3 {[%emt 0:01:54]} O-O {[%emt 0:04:05]} 16. Bb2 {[%emt 0:10:06]} Nd4 {[%emt 0:00:37]} 17. Qf2 {[%emt 0:01:53]} Rd8 {[%emt 0:00:25]} 18. Kh1 {[%emt 0:01:05]} b6 {[%emt 0:09:50]} 19. Qh4 {[%emt 0:04:44]} h6 {[%emt 0:06:16]} 20. Nf6+ {[%emt 0:06:07]} Kh8 {[%emt 0:00:16]} 21. Ng4 {[%emt 0:00:13]} Kh7 {[%emt 0:04:48]} 22. Rbe1 {[%emt 0:05:22]} Qd6 {[%emt 0:10:21]} 23. Ne5 {[%emt 0:05:13]} Qc7 {[%emt 0:07:47]} 24. Nxf7 {[%emt 0:05:35]} Rf8 {[%emt 0:09:07]} 25. Nxh6 {[%emt 0:06:14]} Bxh6 {[%emt 0:00:47]} 26. Bxd4 {[%emt 0:00:05]} Qd6 {[%emt 0:01:47]} 27. f5 {[%emt 0:07:04]} gxf5 {[%emt 0:00:31]} 28. Be3 {[%emt 0:01:46]} e5 {[%emt 0:00:18]} 29. Bxh6 {[%emt 0:00:11]} Qxh6 {[%emt 0:00:04]} 30. Qe7+ {[%emt 0:00:45]} Qg7 {[%emt 0:00:43]} 31. Rxe5 {[%emt 0:00:23]} Rf7 {[%emt 0:00:47]} 32. Qh4+ {[%emt 0:00:05]} Kg8 {[%emt 0:00:19]} 33. Re8+ {[%emt 0:00:10]} 1-0

[Event "Mitropa Online Cup Women 2021"]
[Site "Hybrid"]
[Date "2021.05.04"]
[Round "5.3"]
[White "Guichard, Pauline"]
[Black "Hakimifard, Ghazal"]
[Result "1-0"]
[WhiteElo "2415"]
[BlackElo "2265"]
[Annotator "NA"]
[PlyCount "91"]
[EventDate "2021.05.04"]
[EventType "team-tourn"]
[EventCountry "NET"]
[SourceTitle "playchess.com"]
[Source "ChessBase"]
[SourceQuality "1"]
[WhiteTeam "France"]
[BlackTeam "Switzerland"]
[WhiteTeamCountry "FRA"]
[BlackTeamCountry "SUI"]
[TimeControl "40/5400+30:1800+30"]

1. d4 {[%emt 0:00:00]} Nf6 {[%emt 0:00:06]} 2. c4 {[%emt 0:00:08]} e6 {[%emt 0:00:06]} 3. Nf3 {[%emt 0:00:09]} b6 {[%emt 0:00:10]} 4. g3 {[%emt 0:00:11]} Bb7 {[%emt 0:00:19]} 5. Bg2 {[%emt 0:00:08]} Be7 {[%emt 0:00:06]} 6. O-O {[%emt 0:00:17]} O-O {[%emt 0:00:07]} 7. Nc3 {[%emt 0:00:11]} Ne4 {[%emt 0:00:13]} 8. Bd2 {[%emt 0:00:10]} f5 {[%emt 0:02:35]} 9. Ne5 {[%emt 0:00:25]} c5 {[%emt 0:04:06]} 10. d5 {[%emt 0:14:52]} Bf6 {[%emt 0:01:18]} 11. Nd3 {[%emt 0:12:59]} Bxc3 {[%emt 0:09:28]} 12. Bxc3 {[%emt 0:00:59]} Nxc3 {[%emt 0:02:01]} 13. bxc3 {[%emt 0:00:09]} Qf6 {[%emt 0:01:51]} 14. Qb3 {[%emt 0:05:50]} Na6 {[%emt 0:02:21]} 15. a4 {[%emt 0:07:13]} e5 {[%emt 0:05:13]} 16. a5 {[%emt 0:03:30]} e4 {[%emt 0:06:38]} 17. Nb2 {[%emt 0:01:10]} Qh6 {[%emt 0:12:41]} 18. axb6 {[%emt 0:11:17]} axb6 {[%emt 0:00:05]} 19. f4 {[%emt 0:06:04]} Nc7 {[%emt 0:09:30]} 20. Na4 {[%emt 0:04:25]} b5 {[%emt 0:02:35]} 21. cxb5 {[%emt 0:02:03]} Bxd5 {[%emt 0:00:58]} 22. c4 {[%emt 0:00:52]} Bb7 {[%emt 0:02:09]} 23. e3 {[%emt 0:04:01]} Qf6 {[%emt 0:08:08]} 24. Rad1 {[%emt 0:05:18]} d6 {[%emt 0:02:05]} 25. Nb6 {[%emt 0:01:33]} Rad8 {[%emt 0:00:07]} 26. Rf2 {[%emt 0:01:16]} Na8 {[%emt 0:02:06]} 27. Na4 {[%emt 0:01:12]} Qe7 {[%emt 0:06:04]} 28. Rfd2 {[%emt 0:00:11]} Qc7 {[%emt 0:00:59]} 29. Qc3 {[%emt 0:05:42]} Rf7 {[%emt 0:03:28]} 30. Bh3 {[%emt 0:00:08]} Nb6 {[%emt 0:00:42]} 31. Nxb6 {[%emt 0:00:27]} Qxb6 {[%emt 0:00:04]} 32. g4 {[%emt 0:00:07]} Bc8 {[%emt 0:06:13]} 33. gxf5 {[%emt 0:00:08]} Bxf5 {[%emt 0:00:13]} 34. Bxf5 {[%emt 0:00:17]} Rxf5 {[%emt 0:00:05]} 35. Qc2 {[%emt 0:00:20]} Qb7 {[%emt 0:03:11]} 36. Rxd6 {[%emt 0:00:20]} Rxd6 {[%emt 0:00:21]} 37. Rxd6 {[%emt 0:00:10]} Qe7 {[%emt 0:00:04]} 38. Qd1 {[%emt 0:04:54]} h6 {[%emt 0:01:36]} 39. b6 {[%emt 0:05:05]} Kh7 {[%emt 0:00:07]} 40. Rd7 {[%emt 0:00:00]} Qh4 {[%emt 0:00:00]} 41. b7 {[%emt 0:12:05]} Rf8 {[%emt 0:01:27]} 42. Kg2 {[%emt 0:00:43]} h5 {[%emt 0:07:31]} 43. Rd5 {[%emt 0:01:41]} g6 {[%emt 0:07:01]} 44. Rg5 {[%emt 0:02:09]} Rg8 {[%emt 0:05:05]} 45. Qd5 {[%emt 0:03:51]} Qe1 {[%emt 0:01:03]} 46. Qxg8+ {[%emt 0:00:39]} 1-0

[Event "Mitropa Online Cup Women 2021"]
[Site "Hybrid"]
[Date "2021.05.04"]
[Round "5.3"]
[White "Mueller-Seps, Monika"]
[Black "Navrotescu, Andreea-Cristiana"]
[Result "0-1"]
[WhiteElo "2243"]
[BlackElo "2247"]
[Annotator "NA"]
[PlyCount "80"]
[EventDate "2021.05.04"]
[EventType "team-tourn"]
[EventCountry "NET"]
[SourceTitle "playchess.com"]
[Source "ChessBase"]
[SourceQuality "1"]
[WhiteTeam "Switzerland"]
[BlackTeam "France"]
[WhiteTeamCountry "SUI"]
[BlackTeamCountry "FRA"]
[TimeControl "40/5400+30:1800+30"]

1. d4 {[%emt 0:00:00]} Nf6 {[%emt 0:00:08]} 2. Nf3 {[%emt 0:00:32]} g6 {[%emt 0:00:07]} 3. Bg5 {[%emt 0:00:23]} Bg7 {[%emt 0:00:10]} 4. Nbd2 {[%emt 0:00:10]} O-O {[%emt 0:00:25]} 5. c3 {[%emt 0:00:07]} d6 {[%emt 0:01:00]} 6. e4 {[%emt 0:00:18]} c5 {[%emt 0:00:43]} 7. d5 {[%emt 0:02:56]} h6 {[%emt 0:00:47]} 8. Bxf6 {[%emt 0:01:25]} Bxf6 {[%emt 0:04:51]} 9. Bc4 {[%emt 0:00:45]} Na6 {[%emt 0:02:52]} 10. O-O {[%emt 0:13:17]} Nc7 {[%emt 0:00:15]} 11. a4 {[%emt 0:00:07]} Bg7 {[%emt 0:14:55]} 12. Qe2 {[%emt 0:18:34]} Rb8 {[%emt 0:16:06]} 13. Rfe1 {[%emt 0:11:47]} b6 {[%emt 0:03:13]} 14. Nf1 {[%emt 0:15:32]} a6 {[%emt 0:02:52]} 15. Ne3 {[%emt 0:06:35]} b5 {[%emt 0:00:30]} 16. Bd3 {[%emt 0:02:47]} e5 {[%emt 0:27:38]} 17. g4 {[%emt 0:02:03]} c4 {[%emt 0:03:06]} 18. Bc2 {[%emt 0:00:18]} Kh8 {[%emt 0:02:43]} 19. Kh1 {[%emt 0:01:09]} b4 {[%emt 0:06:11]} 20. Qxc4 {[%emt 0:01:32]} a5 {[%emt 0:00:13]} 21. Qe2 {[%emt 0:02:30]} Na6 {[%emt 0:00:43]} 22. Bd3 {[%emt 0:05:50]} Nc5 {[%emt 0:00:24]} 23. Nd2 {[%emt 0:00:13]} f5 {[%emt 0:10:01]} 24. gxf5 {[%emt 0:02:10]} gxf5 {[%emt 0:00:05]} 25. Nxf5 {[%emt 0:03:14]} Nxe4 {[%emt 0:01:38]} 26. Bxe4 {[%emt 0:00:56]} Bxf5 {[%emt 0:00:09]} 27. c4 {[%emt 0:04:00]} Bd7 {[%emt 0:00:58]} 28. Qh5 {[%emt 0:03:32]} Be8 {[%emt 0:00:08]} 29. Qe2 {[%emt 0:00:25]} Rf4 {[%emt 0:00:46]} 30. Rg1 {[%emt 0:00:24]} Qf6 {[%emt 0:00:22]} 31. f3 {[%emt 0:00:17]} Bh5 {[%emt 0:00:30]} 32. Rg3 {[%emt 0:00:07]} Rg8 {[%emt 0:00:53]} 33. Rag1 {[%emt 0:00:03]} Bf7 {[%emt 0:00:28]} 34. Bb1 {[%emt 0:00:31]} h5 {[%emt 0:00:24]} 35. Qd3 {[%emt 0:00:45]} Qh6 {[%emt 0:00:28]} 36. Ne4 {[%emt 0:00:11]} Bf8 {[%emt 0:00:28]} 37. Ng5 {[%emt 0:01:20]} Bg6 {[%emt 0:00:36]} 38. Qd1 {[%emt 0:00:43]} h4 {[%emt 0:00:21]} 39. R3g2 {[%emt 0:00:46]} Bh5 {[%emt 0:00:27]} 40. Be4 {[%emt 0:00:00]} Be7 {[%emt 0:00:00]} 0-1

[Event "Mitropa Online Cup Women 2021"]
[Site "Hybrid"]
[Date "2021.05.04"]
[Round "5.3"]
[White "Monpeurt, Cyrielle"]
[Black "Heinatz, Gundula"]
[Result "0-1"]
[WhiteElo "2166"]
[BlackElo "2131"]
[Annotator "NA"]
[PlyCount "68"]
[EventDate "2021.05.04"]
[EventType "team-tourn"]
[EventCountry "NET"]
[SourceTitle "playchess.com"]
[Source "ChessBase"]
[SourceQuality "1"]
[WhiteTeam "France"]
[BlackTeam "Switzerland"]
[WhiteTeamCountry "FRA"]
[BlackTeamCountry "SUI"]
[TimeControl "40/5400+30:1800+30"]

1. e4 {[%emt 0:00:00]} c6 {[%emt 0:00:06]} 2. d4 {[%emt 0:01:33]} d5 {[%emt 0:00:10]} 3. Nc3 {[%emt 0:02:21]} dxe4 {[%emt 0:00:13]} 4. Nxe4 {[%emt 0:00:12]} Bf5 {[%emt 0:00:06]} 5. Ng3 {[%emt 0:00:12]} Bg6 {[%emt 0:00:08]} 6. h4 {[%emt 0:01:14]} h6 {[%emt 0:00:10]} 7. Nh3 {[%emt 0:00:52]} Nf6 {[%emt 0:01:38]} 8. Nf4 {[%emt 0:00:14]} Bh7 {[%emt 0:00:20]} 9. Bc4 {[%emt 0:00:13]} e6 {[%emt 0:04:41]} 10. O-O {[%emt 0:00:17]} Nd5 {[%emt 0:05:44]} 11. Bxd5 {[%emt 0:07:13]} cxd5 {[%emt 0:00:28]} 12. Re1 {[%emt 0:00:11]} Nc6 {[%emt 0:05:31]} 13. Qg4 {[%emt 0:31:50]} Qd7 {[%emt 0:10:35]} 14. c3 {[%emt 0:03:25]} O-O-O {[%emt 0:04:36]} 15. h5 {[%emt 0:07:53]} Rg8 {[%emt 0:08:54]} 16. Qd1 {[%emt 0:08:14]} Bd6 {[%emt 0:02:10]} 17. b4 {[%emt 0:03:44]} Qc7 {[%emt 0:04:32]} 18. Nge2 {[%emt 0:00:15]} Rde8 {[%emt 0:11:42]} 19. Be3 {[%emt 0:08:59]} g6 {[%emt 0:02:10]} 20. g3 {[%emt 0:07:44]} g5 {[%emt 0:06:18]} 21. Nd3 {[%emt 0:01:26]} Be4 {[%emt 0:04:06]} 22. c4 {[%emt 0:06:32]} dxc4 {[%emt 0:02:45]} 23. Nc5 {[%emt 0:00:10]} Bf3 {[%emt 0:05:05]} 24. Qc2 {[%emt 0:00:19]} f5 {[%emt 0:03:24]} 25. b5 {[%emt 0:01:33]} Nb4 {[%emt 0:10:20]} 26. Qxc4 {[%emt 0:00:19]} Nd5 {[%emt 0:00:24]} 27. Rac1 {[%emt 0:01:41]} Kb8 {[%emt 0:00:40]} 28. Qb3 {[%emt 0:01:36]} Qf7 {[%emt 0:00:24]} 29. Bxg5 {[%emt 0:03:02]} Qxh5 {[%emt 0:01:01]} 30. Bh4 {[%emt 0:00:12]} Bxe2 {[%emt 0:00:40]} 31. Nxe6 {[%emt 0:01:29]} Bf3 {[%emt 0:01:21]} 32. Qd3 {[%emt 0:00:35]} Bxg3 {[%emt 0:02:09]} 33. fxg3 {[%emt 0:00:28]} Rxg3+ {[%emt 0:00:23]} 34. Kf1 {[%emt 0:00:30]} Qxh4 {[%emt 0:00:15]} 0-1

[Event "Mitropa Online Cup Women 2021"]
[Site "Hybrid"]
[Date "2021.05.04"]
[Round "5.3"]
[White "Thode, Gilda"]
[Black "Thomas, Anysia"]
[Result "0-1"]
[WhiteElo "1987"]
[BlackElo "2164"]
[Annotator "NA"]
[PlyCount "106"]
[EventDate "2021.05.04"]
[EventType "team-tourn"]
[EventCountry "NET"]
[SourceTitle "playchess.com"]
[Source "ChessBase"]
[SourceQuality "1"]
[WhiteTeam "Switzerland"]
[BlackTeam "France"]
[WhiteTeamCountry "SUI"]
[BlackTeamCountry "FRA"]
[TimeControl "40/5400+30:1800+30"]

1. d4 {[%emt 0:00:00]} Nf6 {[%emt 0:00:12]} 2. Nf3 {[%emt 0:00:17]} g6 {[%emt 0:00:13]} 3. Bg5 {[%emt 0:00:17]} Bg7 {[%emt 0:00:13]} 4. Nbd2 {[%emt 0:00:15]} O-O {[%emt 0:00:31]} 5. e3 {[%emt 0:02:28]} d6 {[%emt 0:00:51]} 6. c3 {[%emt 0:01:34]} b6 {[%emt 0:01:42]} 7. Be2 {[%emt 0:07:15]} Bb7 {[%emt 0:00:40]} 8. O-O {[%emt 0:05:17]} c5 {[%emt 0:03:10]} 9. b4 {[%emt 0:13:12]} Nbd7 {[%emt 0:14:31]} 10. a4 {[%emt 0:19:25]} h6 {[%emt 0:12:49]} 11. Bxf6 {[%emt 0:10:57]} Nxf6 {[%emt 0:03:22]} 12. a5 {[%emt 0:12:13]} Rc8 {[%emt 0:14:39]} 13. axb6 {[%emt 0:14:40]} axb6 {[%emt 0:00:24]} 14. Ra7 {[%emt 0:02:38]} Rc7 {[%emt 0:02:26]} 15. Qa4 {[%emt 0:04:17]} Nd5 {[%emt 0:14:16]} 16. Qa3 {[%emt 0:02:04]} Nxc3 {[%emt 0:07:18]} 17. Bc4 {[%emt 0:01:08]} cxd4 {[%emt 0:06:44]} 18. exd4 {[%emt 0:00:27]} Bxf3 {[%emt 0:00:54]} 19. Rxc7 {[%emt 0:00:33]} Qxc7 {[%emt 0:00:30]} 20. Qxc3 {[%emt 0:00:30]} Bd5 {[%emt 0:00:28]} 21. Qd3 {[%emt 0:00:30]} Bxc4 {[%emt 0:01:47]} 22. Nxc4 {[%emt 0:00:07]} Rc8 {[%emt 0:00:35]} 23. Ne3 {[%emt 0:00:51]} Qc6 {[%emt 0:06:27]} 24. Re1 {[%emt 0:00:33]} e6 {[%emt 0:00:36]} 25. d5 {[%emt 0:00:26]} Qc3 {[%emt 0:00:52]} 26. Qxc3 {[%emt 0:00:31]} Rxc3 {[%emt 0:00:28]} 27. Rb1 {[%emt 0:00:32]} Bd4 {[%emt 0:02:29]} 28. Nd1 {[%emt 0:00:27]} Rc2 {[%emt 0:00:12]} 29. dxe6 {[%emt 0:00:31]} fxe6 {[%emt 0:00:05]} 30. Kf1 {[%emt 0:00:32]} e5 {[%emt 0:02:29]} 31. Rb3 {[%emt 0:00:29]} Kg7 {[%emt 0:00:31]} 32. g3 {[%emt 0:00:31]} g5 {[%emt 0:00:55]} 33. h3 {[%emt 0:00:29]} e4 {[%emt 0:00:34]} 34. f3 {[%emt 0:00:32]} d5 {[%emt 0:00:34]} 35. Ne3 {[%emt 0:00:31]} Bxe3 {[%emt 0:00:36]} 36. Rxe3 {[%emt 0:00:06]} Rc4 {[%emt 0:00:20]} 37. fxe4 {[%emt 0:00:41]} dxe4 {[%emt 0:00:07]} 38. Rb3 {[%emt 0:00:36]} Kf6 {[%emt 0:00:06]} 39. Kf2 {[%emt 0:00:31]} Ke5 {[%emt 0:00:11]} 40. Ke3 {[%emt 0:00:00]} h5 {[%emt 0:00:00]} 41. b5 {[%emt 0:12:41]} Ra4 {[%emt 0:02:45]} 42. Rc3 {[%emt 0:10:27]} Rb4 {[%emt 0:01:16]} 43. Rc8 {[%emt 0:00:25]} Rb3+ {[%emt 0:00:11]} 44. Kf2 {[%emt 0:00:16]} Rxb5 {[%emt 0:00:57]} 45. Rh8 {[%emt 0:04:42]} Kd4 {[%emt 0:09:35]} 46. Rxh5 {[%emt 0:01:24]} e3+ {[%emt 0:00:59]} 47. Ke2 {[%emt 0:03:48]} Rb2+ {[%emt 0:00:14]} 48. Kf1 {[%emt 0:00:12]} Rb5 {[%emt 0:04:56]} 49. Ke2 {[%emt 0:01:05]} Rb2+ {[%emt 0:02:08]} 50. Kf1 {[%emt 0:00:14]} Kd3 {[%emt 0:00:06]} 51. Rh8 {[%emt 0:00:47]} Rb1+ {[%emt 0:00:12]} 52. Kg2 {[%emt 0:00:11]} e2 {[%emt 0:00:09]} 53. Rd8+ {[%emt 0:00:18]} Kc4 {[%emt 0:00:11]} 0-1